Statistics for 1990s Nickelodeon Cartoons

Click here to take the quiz!

General Stats

  • This quiz has been taken 347 times
  • The average score is 6 of 27

Answer Stats

Answer% Correct
Rugrats
85%
SpongeBob SquarePants
75%
Hey Arnold!
66%
Doug
61%
CatDog
57%
The Ren and Stimpy Show
54%
Rocko's Modern Life
50%
The Wild Thornberrys
44%
The Angry Beavers
35%
Rocket Power
34%
Aaahh!!! Real Monsters
28%
KaBlam!
16%
Blue's Clues
11%
Oh Yeah! Cartoons
5%
Danger Mouse
3%
Little Bill
3%
Franklin
2%
Count Duckula
1%
Heathcliff
1%
Rupert
1%
U-2-U
1%
Mina and the Count
0%
Noozles
0%
Oscar's Orchestra
0%
Special Delivery
0%
The Brothers Flub
0%
The Littl' Bits
0%

Score Distribution

Percentile by Number Answered

Percent of People with Each Score

Your Score History

You have not taken this quiz